000 01078nam a2200301 4500
001 0000016612
003 CO-CtgCURN
005 20250428115238.0
007 ta
008 160627s2002 000 0 eng d
020 _a8479037326
040 _aCO-CtgCURN
_bspa
_ccoctgcurn
082 0 _a612.2
_bW37f
100 1 _aWest, John B.
245 1 0 _aFisiologĂ­a respiratoria /
_cJohn B. West.
250 _a6a ed.
260 _aBuenos Aires :
_bMedica Panamericana,
_c2002.
300 _a192 p.
336 _2rdacontent
337 _2rdamedia
_asin mediacion
_bn
338 _2rdacarrier
_avolumen
_bnc
500 _aIncluye indice.
505 8 _aEstructura y funcion.--Ventilacion.--Difusion flujo sanguineo y metabolismo.--Relaciones ventilacion.--Transporte de gases por la sangre.--Mecanica de la respiracion.--Control de la ventilacion.--El sistema respiratorio en condiciones de estres
650 1 4 _aPulmones
_vFisiologĂ­a.
908 _a160627
942 _cBK
_h612.2
_iW37f
_2ddc
_n0
999 _c21744
_d21744